00659nam a22001937a 450000100090000000300090000900500170001800700090003500800370004402000150008104000220009610000240011824501600014225000120030226000520031430000340036670000340040070000310043400008547DO-SdBNP20180205150941.000008547160608b 1996 mx a 00| 0 spa d a9701008820 aBPMSUbspacBPMSU1 aCohen Karen, Daniel10a Sistemas de información para la toma de decisiones /cDaniel Cohen Karen ; revisión técnica, Anibal Silvestri Rodríguez, Antonio Donadio Medaglia. a2ª ed. aMéxico :bMcGraw-Hill Interamericana, c1996. axxii, 243 p. : bil.c24 cm. 12aRodríguez, Anibal Silvestri12aMedaglia, Antonio Donadio